000 00542nam a2200181 4500
999 _c162443
_d162443
005 20190313161001.0
010 _aENG-124881
020 _a978380200460
_c499.00
035 _aEN-108413
037 _bDBAD/PUB
082 _a332.024
100 _aPandya,Arnav
245 _aSetting the righ financia goals/
_bPandya,Arnav
260 _aNew Delhi
_bTV 18 Broadcast Ltd,
_c(201?)
270 _a507, Prabhat Kiran , 17, Rajendra Place,
_bNew Delhi
_e110008
300 _a289p.
_c21cm(Hb)
942 _2ddc
_cEN
_h332.024
_mPAN